000 00305nam a2200145Ia 4500
100 _aMurthy/Narayana N.R
942 _cBK
366 _f17.5
654 _abetter india
245 _aA better India A better World
260 _bPenquin books
_c2009
300 _a290
546 _aENGLISH
999 _c33532
_d33532